My Top 15 Favourite Male Singers - Statistics

General Stats
  • This quiz has been taken 24 times
  • The average score is 6 of 15
Answer Stats
# Singer % Correct
7 Eminem
89%
3 Jay Z
78%
13 Kanye West
67%
15 Chris Brown
44%
4 Justin Timberlake
44%
6 Lil Wayne
44%
10 Usher
44%
1 Timbaland
33%
5 50 Cent
22%
14 Akon
22%
2 Ludacris
22%
8 Nelly
22%
12 Ne-Yo
11%
9 Taio Cruz
11%
11 Wyclef Jean
11%
No matching quizzes found
Score Distribution
Percent of People with Each Score
Percentile by Number Answered
Your Score History
You have not taken this quiz